| 000 | 00664nam a22002057a 4500 | ||
|---|---|---|---|
| 005 | 20160711162507.0 | ||
| 010 | _aENG-115366 | ||
| 020 |
_a9780199460977 _c995.00 |
||
| 035 | _aEN-98898 | ||
| 037 | _bDBAD/PUB | ||
| 082 | _a322.10954 | ||
| 100 | _aRoover,Jakob De | ||
| 245 |
_aEurope,India and the limits of secularism / _cby Jakob De Roover |
||
| 260 |
_aNew Delhi _bOxford University Press _c2015 |
||
| 270 |
_aYMCA,Library Building,1Jai Singh Road _bNew Delhi _e110001 |
||
| 300 |
_ax,282p. _b22cm(Hb) |
||
| 500 | _aIncludes bibliographical reference and index | ||
| 700 | _dRathore,Aakash Singh | ||
| 942 |
_2ddc _cEN _mROO _h322.10954 |
||
| 999 |
_c101132 _d101132 |
||